| 000 | 00768nam a2200241 4500 | ||
|---|---|---|---|
| 999 |
_c20249 _d20249 |
||
| 003 | AR-CdUCM | ||
| 008 | 190408b ||||| |||| 00| 0 spa d | ||
| 020 | _a84-329-2710-4 | ||
| 040 |
_aMUNICIPALIDAD PROVINCIAL DEL CUSCO _cBIBLIOTECA MUNICIPAL DEL CUSCO |
||
| 041 | _heng | ||
| 082 |
_a621.4 / _bR71 |
||
| 245 | _aMotores y maquinas / | ||
| 260 |
_aBarcelona : _bCeac, _c1980. |
||
| 300 |
_a197 paginas ; _bIlustraciones, Graficos, Dibujos, _c27 cm. |
||
| 500 | _aEnciclopedia Ceac del delineante | ||
| 505 | _aContenido: Motores -- Motores eléctricos -- Motores térmicos... | ||
| 650 |
_aCiencia _92098 |
||
| 650 |
_aAviones _929888 |
||
| 650 |
_aMaquinas _919799 |
||
| 650 |
_aTexto educativo _925832 |
||
| 942 |
_2ddc _cLIBROS |
||
| 945 |
_adavv _d2019-05-28 |
||